000 00871nam a2200217 a 4500
999 _c3249
_d3249
001 3249
003 BD-JhCC
005 20171119110209.0
008 171112s1972 bg |||| ||a| 000 0 ben d
035 _a(BD-JhCC)3249
040 _aBD-JhCC
_dBD-JhCC
041 _aben
082 _a891.4409
_bSHA 1972
245 _aসাহিত্য সংকলন :
_bগদ্য পদ্য /
_cমাধ্যমিক ও উচ্চ মাধ্যমিক শিক্ষা বোর্ড
260 _aবাংলাদেশ :
_bমাধ্যমিক ও উচ্চ মাধ্যমিক শিক্ষা বোর্ড,
_c1972
300 _a304 p. :
_c20 cm.
650 _aCollection of Literature
710 _aমাধ্যমিক ও উচ্চ মাধ্যমিক শিক্ষা বোর্ড
942 _2ddc
_cBK